[Event "Capt Challenge"]
[Site "http://www.queenalice.com/game.php?id=73379"]
[Date "2006.6.1"]
[Round "-"]
[White "Captured"]
[Black "Alexsandro"]
[Result "0-1"]
[WhiteElo "1027"]
[BlackElo "1290"]

1. e3 e5 2. h4 d5 3. Nf3 Nc6 4. Bb5 Bd7 5. Rh3 e4 6. Nc3 Bxh3 7. gxh3 exf3 8.
Qxf3 Nf6 9. h5 Be7 10. Ne2 O-O 11. Ng3 a6 12. Bd3 d4 13. b3 Nb4 14. Rb1 Re8 15.
Nf5 Nxa2 16. Bb2 c5 17. Ra1 Nb4 18. Qg3 g6 19. Nh4 Nxh5 0-1

[Event "AUTO-OPEN-283"]
[Site "http://www.queenalice.com/game.php?id=73420"]
[Date "2006.6.1"]
[Round "1"]
[White "MaxAttax"]
[Black "Captured"]
[Result "1-0"]
[WhiteElo "1200"]
[BlackElo "1084"]

1. c4 e6 2. g3 b6 3. Bg2 c6 4. Nc3 g6 5. Nf3 Ba6 6. d3 Bb7 7. Bg5 f6 8. Bd2 Na6
9. O-O Bh6 10. Bxh6 Nxh6 11. Qd2 Ng4 12. h3 Ne5 13. a3 Nc5 14. Qc2 a5 15. d4
Nxf3+ 16. Bxf3 Na6 17. Qd2 h5 18. d5 Ke7 19. dxe6 Kxe6 20. Qe3+ Kf7 21. Rad1 Re8
22. Qf4 Rb8 23. e4 g5 24. Qf5 Rf8 25. Bxh5+ Ke7 26. Qh7+ Ke6 27. Bg4+ Ke5 28.
Qf5# 1-0

[Event "AUTO-OPEN-283"]
[Site "http://www.queenalice.com/game.php?id=73421"]
[Date "2006.6.1"]
[Round "1"]
[White "Captured"]
[Black "MaxAttax"]
[Result "0-1"]
[WhiteElo "1004"]
[BlackElo "1257"]

1. e3 c5 2. Na3 g6 3. g3 Bg7 4. c3 Nc6 5. Nf3 Nf6 6. Nc4 d5 7. Na3 O-O 8. Bd3
Bg4 9. h3 Bd7 10. Nb5 a6 11. Na3 e5 12. Ng5 h6 13. Nf3 e4 14. Be2 exf3 15. Bxf3
Qc7 16. O-O Bxh3 17. Re1 Ne5 18. Bg2 Bxg2 19. Kxg2 Nd3 20. Rh1 Ne4 21. Rh4 Nexf2
22. Qf3 Qe5 23. Nb1 Rfe8 24. b4 cxb4 25. cxb4 Qxa1 26. Qxd5 Qxb1 27. Rc4 Qxa2
28. Rc7 Qxd5+ 29. Kf1 Qf3 0-1

[Event "AUTO-OPEN-283"]
[Site "http://www.queenalice.com/game.php?id=73441"]
[Date "2006.6.1"]
[Round "1"]
[White "maxmiranda"]
[Black "Captured"]
[Result "1-0"]
[WhiteElo "1500"]
[BlackElo "1100"]

1. e4 e6 2. d4 Nf6 3. Bd3 b6 4. Nf3 h5 5. Bg5 Bb4+ 6. c3 Ba5 7. b4 Nc6 8. bxa5
Nxa5 9. e5 Qe7 10. exf6 gxf6 11. Bh4 Rg8 12. O-O d6 13. Nbd2 Qd8 14. Ne4 Rg6 15.
Re1 Bd7 16. Nfd2 Bc6 17. Qxh5 Ke7 18. f4 Qf8 19. Ng3 Qg7 20. Nf5+ Kf8 21. Nxg7
Kxg7 22. Bxg6 fxg6 23. Qg4 Bd7 24. d5 Re8 25. dxe6 Bxe6 26. Qxe6 Rxe6 27. Rxe6
Kf7 28. Rae1 Kg7 29. Bxf6+ Kh6 30. Bg5+ Kh5 31. h3 Nc4 32. g4# 1-0

[Event "Capt Challenge"]
[Site "http://www.queenalice.com/game.php?id=73456"]
[Date "2006.6.1"]
[Round "-"]
[White "magnov"]
[Black "Captured"]
[Result "1-0"]
[WhiteElo "1279"]
[BlackElo "992"]

1. d4 d5 2. Nc3 c6 3. b4 Na6 4. a3 Nf6 5. Bf4 Nh5 6. Bg5 f6 7. Bh4 e5 8. dxe5
Be7 9. f4 Nxf4 10. b5 Nc5 11. Nf3 h6 12. exf6 gxf6 13. bxc6 1-0

[Event "AUTO-OPEN-284"]
[Site "http://www.queenalice.com/game.php?id=73734"]
[Date "2006.6.2"]
[Round "1"]
[White "davividal"]
[Black "Captured"]
[Result "1-0"]
[WhiteElo "1434"]
[BlackElo "1100"]

1. e4 e5 2. Nf3 d6 3. d4 Bg4 4. dxe5 Qc8 5. exd6 Bxd6 6. Be2 Bb4+ 7. c3 Bc5 8.
O-O Nd7 9. Bf4 Ngf6 10. e5 Ne4 11. Nbd2 Bxf2+ 12. Rxf2 Ndc5 13. Nxe4 Nxe4 14.
Qa4+ Bd7 15. Qxe4 b6 16. Ba6 Qxa6 17. Qxa8+ Bc8 18. Qc6+ Bd7 19. Qxc7 Ke7 20.
Nd4 Rc8 21. Bg5+ Ke8 22. Qd6 Ba4 23. Qe7# 1-0

[Event "AUTO-OPEN-284"]
[Site "http://www.queenalice.com/game.php?id=73735"]
[Date "2006.6.2"]
[Round "1"]
[White "Captured"]
[Black "davividal"]
[Result "0-1"]
[WhiteElo "1004"]
[BlackElo "1666"]

1. e4 c6 2. d3 d5 3. Nc3 e5 4. Nf3 Bd6 5. b3 d4 6. Nb1 Nf6 7. Ba3 Qa5+ 8. Ke2
Bxa3 9. c4 dxc3 10. Nxc3 Bg4 11. Kd2 Bb2 12. Rb1 Bxc3+ 13. Ke2 Qxa2+ 14. Ke3
Bd4+ 15. Nxd4 exd4+ 16. Kxd4 Qxf2+ 17. Kc3 Bxd1 18. Rxd1 Nbd7 19. b4 O-O-O 20.
Rd2 Qe1 21. g3 Nb6 22. Bg2 Qe3 23. Rf1 Rhe8 24. Rf3 Nxe4+ 25. Kb3 Nxd2+ 26. Ka3
Rxd3+ 27. Ka2 Ra3+ 28. Kb2 Ndc4+ 29. Kb1 Qg1+ 30. Rf1 Re1+ 0-1

[Event "AUTO-OPEN-285"]
[Site "http://www.queenalice.com/game.php?id=74177"]
[Date "2006.6.3"]
[Round "1"]
[White "ENDHER"]
[Black "Captured"]
[Result "1-0"]
[WhiteElo "2217"]
[BlackElo "1004"]

1. d4 d5 2. c4 c6 3. Nf3 e6 4. e3 g6 5. Nbd2 b6 6. Bd3 Ba6 7. O-O Bb4 8. a3 Ba5
9. b4 Bxb4 10. axb4 Nh6 11. Ne5 Ng4 12. Qxg4 Rg8 13. b5 1-0

[Event "AUTO-OPEN-285"]
[Site "http://www.queenalice.com/game.php?id=74178"]
[Date "2006.6.3"]
[Round "1"]
[White "Captured"]
[Black "ENDHER"]
[Result "0-1"]
[WhiteElo "1004"]
[BlackElo "2226"]

1. e4 e5 2. Nf3 Nc6 3. Nc3 Nf6 4. b3 d5 5. d4 Nxe4 6. dxe5 Nxc3 7. Qd3 Ne4 8. g3
Bb4+ 9. Ke2 Bf5 10. Bg2 Nc3+ 11. Ke3 Qg5+ 12. Nxg5 Bxd3 13. cxd3 Nxe5 0-1

[Event "AUTO-OPEN-285"]
[Site "http://www.queenalice.com/game.php?id=74199"]
[Date "2006.6.3"]
[Round "1"]
[White "tewald"]
[Black "Captured"]
[Result "1-0"]
[WhiteElo "1754"]
[BlackElo "1004"]

1. e4 e5 2. Nf3 Nc6 3. d3 Nh6 4. g3 b6 5. Bg2 Bb4+ 6. c3 Ba5 7. O-O f6 8. b4
Bxb4 9. cxb4 Nxb4 10. a3 Nc6 11. Nc3 1-0

[Event "AUTO-OPEN-285"]
[Site "http://www.queenalice.com/game.php?id=74200"]
[Date "2006.6.3"]
[Round "1"]
[White "Captured"]
[Black "tewald"]
[Result "0-1"]
[WhiteElo "1004"]
[BlackElo "1756"]

1. e4 e5 2. Nf3 Nc6 3. Nc3 Nf6 4. d3 h6 5. b3 d6 6. g3 Be6 7. Nb5 a6 8. Nc3 Qd7
9. Ba3 Be7 10. h4 h5 0-1